Chamiponnat de France de Football - Statistiques

Statistiques générales
  • Ce quiz a été pris 139 fois
    35 depuis la dernière actualisation
  • Le résultat moyen est 77 sur 89
Statistiques - réponses
Saison Vainqueur % Correct
1936-1937 Olympique de Marseille
100%
1947-1948 Olympique de Marseille
100%
1970-1971 Olympique de Marseille
100%
1971-1972 Olympique de Marseille
100%
1988-1989 Olympique de Marseille
100%
1989-1990 Olympique de Marseille
100%
1990-1991 Olympique de Marseille
100%
1991-1992 Olympique de Marseille
100%
2009-2010 Olympique de Marseille
100%
1935-1936 Racing Paris
100%
1945-1946 LOSC Lille
97%
1953-1954 LOSC Lille
97%
2010-2011 LOSC Lille
97%
2020-2021 LOSC Lille
97%
2001-2002 Olympique Lyonnais
97%
2002-2003 Olympique Lyonnais
97%
2003-2004 Olympique Lyonnais
97%
2004-2005 Olympique Lyonnais
97%
2005-2006 Olympique Lyonnais
97%
2006-2007 Olympique Lyonnais
97%
2007-2008 Olympique Lyonnais
97%
1985-1986 Paris-Saint-Germain
97%
1993-1994 Paris-Saint-Germain
97%
2012-2013 Paris-Saint-Germain
97%
2013-2014 Paris-Saint-Germain
97%
2014-2015 Paris-Saint-Germain
97%
2015-2016 Paris-Saint-Germain
97%
2017-2018 Paris-Saint-Germain
97%
2018-2019 Paris-Saint-Germain
97%
2019-2020 Paris-Saint-Germain
97%
2021-2022 Paris-Saint-Germain
97%
2022-2023 Paris-Saint-Germain
97%
2023-2024 Paris-Saint-Germain
97%
2024-2025 Paris-Saint-Germain
97%
2025-2026 Paris-Saint-Germain
97%
1964-1965 FC Nantes
94%
1965-1966 FC Nantes
94%
1972-1973 FC Nantes
94%
1976-1977 FC Nantes
94%
1979-1980 FC Nantes
94%
1982-1983 FC Nantes
94%
1994-1995 FC Nantes
94%
2000-2001 FC Nantes
94%
1949-1950 Girondins de Bordeaux
94%
1983-1984 Girondins de Bordeaux
94%
1984-1985 Girondins de Bordeaux
94%
1986-1987 Girondins de Bordeaux
94%
1998-1999 Girondins de Bordeaux
94%
2008-2009 Girondins de Bordeaux
94%
2011-2012 Montpellier
94%
1960-1961 AS Monaco
91%
1962-1963 AS Monaco
91%
1977-1978 AS Monaco
91%
1981-1982 AS Monaco
91%
1987-1988 AS Monaco
91%
1996-1997 AS Monaco
91%
1999-2000 AS Monaco
91%
2016-2017 AS Monaco
91%
1997-1998 RC Lens
91%
1956-1957 Saint-Étienne
91%
1963-1964 Saint-Étienne
91%
1966-1967 Saint-Étienne
91%
1967-1968 Saint-Étienne
91%
1968-1969 Saint-Étienne
91%
1969-1970 Saint-Étienne
91%
1973-1974 Saint-Étienne
91%
1974-1975 Saint-Étienne
91%
1975-1976 Saint-Étienne
91%
1980-1981 Saint-Étienne
91%
1950-1951 OGC Nice
88%
1951-1952 OGC Nice
88%
1955-1956 OGC Nice
88%
1958-1959 OGC Nice
88%
1948-1949 Stade de Reims
71%
1952-1953 Stade de Reims
71%
1954-1955 Stade de Reims
71%
1957-1958 Stade de Reims
71%
1959-1960 Stade de Reims
71%
1961-1962 Stade de Reims
71%
1978-1979 Strasbourg
71%
1995-1996 AJ Auxerre
62%
1934-1935 Sochaux
47%
1937-1938 Sochaux
47%
1933-1934 FC Sète
44%
1938-1939 FC Sète
44%
1932-1933 Olympique Lillois
21%
1946-1947 Roubaix-Tourcoing
21%
1944-1945 FC Rouen
18%
1943-1944 Lens-Artois
6%
Aucun quiz correspondant
Distribution des résultats
% des personnes avec chaque résultat
Percentile par nombre de réponses
Votre historique - résultats
Vous n’avez pas pris ce quiz depuis la dernière actualisation